000 00642nam a22002297a 4500
003 UA-OsUOA
001 67750
007 ta
008 20100310b un ||||| |||| 00| 0 ukr d
090 _a343.11
_bС89
942 _cBK
040 _aUA-OsUOA
_brus
_cUA-OsUOA
_dUA-OsUOA
245 _aСудебная практика по уголовним делам
_bТематический сборник
300 _a503 с.
955 _a2
041 _arus
080 _a343.11
020 _a5-89194-070-1
260 _aМ.
_c2001
650 7 _a343 Кримінальне право. Карні порушення
_2UDC
999 _c353873
_d353873